PSH Light Review - Statistics

General Stats
  • This quiz has been taken 2 times
  • The average score is 35 of 42
Answer Stats
Hint Answer % Correct
Speed of light. (m/s) 300,000,000 m/s
100%
What does a lens do? Bends Light
100%
What is the term for a tumor that is "safe"? Benign
100%
What color absorbs all frequencies of visible light? Black
100%
Yellow pigment absorbs ____ light and reflects reflects the other two primary colors of light. Blue
100%
This word means "Crab" in Greek. Cancer
100%
What type of mirror is curved and produces real images at the focal point? Concave
100%
What type of lens corrects nearsightedness? Concave
100%
What type of mirror is curved but has no focal point and only produces virtual images? Convex
100%
What type of lens corrects farsightedness? Convex
100%
When spearfishing, where do you want to aim your blow to catch the fish? Deeper and Further Away
100%
When light is produced from a light source, such as the sun, it is called ____ light. Emitted
100%
What is the primary difference between the different types of light? Frequency
100%
The primary colors of light are Red, ____, and Blue. Green
100%
On the right of the Electromagnetic Spectrum light has ___ frequency and energy. High
100%
Electromagnetic radiation (EMR) is the defenition of ____. Light
100%
On the low end of the Electromagnetic Spectrum light has ___ wavelength. Long
100%
On the low end of the Electromagnetic Spectrum light has ___ frequency and energy. Low
100%
What is the term for a tumor that is harmful to the body? Malignant
100%
Light can travel even when there is no ____ present, like in space. Medium
100%
What is the term for when a tumor breaks off and starts spreading through the body? Metastasis
100%
Something being ____ means that no light can pass through it. Opaque
100%
What type of mirror is flat and only produces virtual images? Plane Mirror
100%
What is it called when filters block a certain orientation of light? (This also proves that light behaves like a wave) Polarization
100%
When light is bounced off something into your eye it is called ____ light. Reflected
100%
The spectrum of visible light can be represented by this acronym. (The colors of the Rainbow according to Science) ROYGBIV
100%
On the high end of the Electromagnetic Spectrum light has ___ wavelenth. Short
100%
What celestial body produces all types of light? Stars
100%
Something being ____ means that light can pass through it but not clearly. Translucent
100%
Something being ____ means that light can clearly pass through it. Transparent
100%
Light is travels as a ____ wave. Transverse
100%
This type of high frequency light, which our atmosphere is not opaque to, can give you sunburns. Ultraviolet Light
100%
What color reflects all frequencies of visible light? White
100%
The primary colors of pigment are Cyan, ____, and Magenta. Yellow
100%
What type of light can resonate with water and can boil it? Microwaves
50%
What is the sharpness of your vision called? Visual Acuity
50%
Who proved that light is a particle because it can eject electrons? Albert Einstien
0%
How do we see the different colors of light? (Color by ___) Color by Addition
0%
How do we see the different colors of pigment? (Color by ___) Color by Subtration
0%
What type of light causes cancer? High Frequency Light
0%
Who proved that light is a wave because it experiences interferance like a wave? (Double Slit Experiment) Thomas Young
0%
What is it called when light is both a particle and a wave? Wave-Particle Duality
0%
No matching quizzes found
Score Distribution
Percent of People with Each Score
Percentile by Number Answered
Your Score History
You have not taken this quiz